| 000 | 00959nam a2200241 a 4500 | ||
|---|---|---|---|
| 001 | 000019495 | ||
| 005 | 20250428130105.0 | ||
| 008 | 100629s1949 ag 000 0 spa d | ||
| 040 |
_aDO-SdBNP _bspa _cBNPHU |
||
| 041 | 1 | 7 |
_aspa _hfre _2Código de idioma MARC |
| 082 |
_a284 _bH698i |
||
| 100 | 1 |
_aHoffet, Federico, _941858 |
|
| 240 | 1 | 0 |
_aL´imperialisme protestant. _lEspañol. |
| 245 | 1 | 3 |
_aEl imperialismo protestante : _bconsideraciones sobre el destino desigual de los pueblos protestantes y católicos en el mundo actual / _cFederico Hoffet ; traducción por Adam F. Sosa. |
| 260 |
_aBuenos Aires : _bLa Aurora, _c1949. |
||
| 300 |
_a142, [1] p. ; _c20 cm. |
||
| 504 | _aIncluye referencias bibliográficas y notas al pie de las páginas. | ||
| 534 |
_pTítulo original en francés: _tL´imperialisme protestant. |
||
| 650 | 0 |
_aProtestantismo _94373 |
|
| 650 | 4 |
_aIglesias protestantes _9998 |
|
| 700 | 1 |
_aSosa, Adam F., _etr. _941859 |
|
| 049 | _aBNGR | ||
| 999 |
_c19011 _d19011 |
||